Hokejová Slovnaft extraliga - 21. kolo: V Žiline obrat za 23 sekúnd

Bibliographic Details
Main Author: Hulin, Ladislav (Author)
Format: Article
Language:Slovak
PhysicalDescription:Fotogr., tab.
ISSN:0139-7001
Subjects:
Online Access:http://denniksport.sk/article/152461/zilina-kosice-1-3-1-2-0-1-0-0

MARC

LEADER 00000nab a2200000 ar4500
001 vtls010189415
003 SK-MaSNL
005 20260303091602.0
008 101116c20101102xo |||||||||||000 b|slo
015 |a SNBRB2010/11  |2 snkbucl 
038 |a SNKBUCL 
040 |a SNKBUCL  |b slo  |c SNKBUCL  |e AACR2 
041 0 |a slo 
044 |a xo  |c SK 
080 |a 796.966.093.1  |2 2001 
100 1 |a Hulin, Ladislav  |4 aut  |9 581850 
245 1 0 |a Hokejová Slovnaft extraliga - 21. kolo: V Žiline obrat za 23 sekúnd 
300 |b Fotogr., tab. 
648 7 |a sezóna 2010/2011  |2 snkbucl  |9 1038786 
650 0 7 |a ľadový hokej  |2 snkbucl  |9 3231 
650 0 7 |a extraliga  |2 snkbucl  |9 18992 
650 0 7 |a 21. kolo  |2 snkbucl  |9 872724 
650 0 7 |a Žilina - Košice (Slovensko : železničná trať)  |2 snkbucl  |9 1100002 
773 0 |t Šport  |g Roč. 64, č. 252 (2.11.2010), s. 30  |x 0139-7001 
852 |a SNK  |b KIS3GCP 
856 4 1 |u http://denniksport.sk/article/152461/zilina-kosice-1-3-1-2-0-1-0-0 
999 |c 1808351  |d 1810281